Normal view
MARC view
- DE-MECH-37 DECLASS
Entry Topical Term
001 - CONTROL NUMBER
- control field: 71526
003 - CONTROL NUMBER IDENTIFIER
- control field: NUST
005 - DATE AND TIME OF LATEST TRANSACTION
- control field: 20210628204638.0
008 - FIXED-LENGTH DATA ELEMENTS
- fixed length control field: 210628|| aca||aabn | a|a d
040 ## - CATALOGING SOURCE
- Original cataloging agency: NUST
- Transcribing agency: NUST
150 ## - HEADING--TOPICAL TERM
- Topical term or geographic name entry element: DE-MECH-37 DECLASS
670 ## - SOURCE DATA FOUND
- Source citation: Work cat.: (NUST): NC USMAN SHAUKAT NC SAADULLAH JAN ASC BADAR MUNIR BUTT 71525, PR-SOF-1799-DESIGN AND ANALYSIS OF SUSPENSION SYSTEM OF FAMILY SEDAN, 2019
